| 000 | 00737cam a22002654a 4500 | ||
|---|---|---|---|
| 001 | 13954859 | ||
| 005 | 20180309071544.0 | ||
| 008 | 050506s2006 caua b 001 0 eng | ||
| 010 | _a 2005927097 | ||
| 020 | _a0534575854 | ||
| 040 |
_aDLC _cDLC _dDLC |
||
| 041 | _aeng | ||
| 042 | _apcc | ||
| 043 | _an-us--- | ||
| 080 | _a361.320 | ||
| 082 | 0 | 0 |
_a361.320 BRU _222 |
| 100 | 1 | _a50 | |
| 101 | _aSOC | ||
| 245 | 1 | 4 |
_aThe practice of macro social work / _cWilliam G. Brueggemann. |
| 504 | _aIncludes bibliographical references and indexes. | ||
| 906 |
_a7 _bcbc _corigcop _d3 _eepcn _f20 _gy-gencatlg |
||
| 942 |
_2ddc _cBK |
||
| 999 |
_c44568 _d44568 |
||